Normal view
MARC view
Entry Personal Name
001 - CONTROL NUMBER
- control field: 47940
003 - CONTROL NUMBER IDENTIFIER
- control field: ARRUPE
005 - DATE AND TIME OF LATEST TRANSACTION
- control field: 20190827110138.0
008 - FIXED-LENGTH DATA ELEMENTS
- fixed length control field: 190827|| aca||aabn | a|a d
040 ## - CATALOGING SOURCE
- Original cataloging agency: ARRUPE
- Transcribing agency: ARRUPE
100 ## - HEADING--PERSONAL NAME
- Personal name: Stewart, Frances,
- Dates associated with a name: 1940-
670 ## - SOURCE DATA FOUND
- Source citation: Work cat.: (ARRUPE)0: Stewart, Frances, 1940-, Adjustment and poverty :, 1995.